Statystyki dla Banalny quiz o państwach w 15 sekund

Kliknij tutaj aby rozwiązać quiz!

Ogólne statystyki

  • Ten quiz został rozwiązany 173 razy
  • Średni wynik to 4 z 8

Statystyki odpowiedzi

ZagadnienieOdpowiedź% Poprawnych
Które z tych państw ma największą ilość broni jądrowej?Chiny
97%
Które z tych państw graniczy z USA?Kanada
92%
Które z tych państw ma największą populację?Indie
88%
Które z tych państw ma największe GDP per capita?Stany Zjednoczone
63%
Które z tych państw NIE LEŻY w Amerykach?Bułgaria
35%
Które z tych państw posiada j. polski jako j. urzędowy?Polska
22%
Które z tych państw ma największe GDP?Japonia
6%
Które z tych państw ma największą powierzchnię?Rosja
4%

Rozkład punktacji

Percentyl według liczby udzielonych odpowiedzi

Procent ludzi z każdym wynikiem

Twoja historia wyników

Nie rozwiązałeś tego quizu